000 01146cam a22003497a 4500
003 CHAP
005 20220817044023.0
008 050427d2003 us a r 00110 eng d
010 _a90190
011 _a91162
020 _a0130970476
035 _a101720
040 _cCHAP
082 0 4 _a636.085
_bP4 2003
100 0 0 _aPerry, Tilden Wayne
_987311
245 1 0 _aFeeds & feeding
_c/by Tilden Wayne Perry, Arthur E. Cullison and Robert S. Lowrey
250 _a6ed.
260 _aUpper Saddle River, N.J. :
_bPrentice Hall,
_c2003.
300 _a675 p. :
_bilus.
590 _aBATCH-UPD
_b10
_c20130110
_lUCH01
_h1548
590 _aBATCH-UPD
_b10
_c20130410
_lUCH01
_h0946
590 _aBATCH-UPD
_b10
_c20130914
_lUCH01
_h1734
590 _aCONVERSION
_b10
_c20130109
_lUCH01
_h1350
650 1 4 _aAlimentos y alimentacion del ganado.
_94326
650 1 4 _aNutrición animal.
700 0 _aCullison, Arthur Edison.
_930210
700 0 _aLowrey, Robert S.
_968677
901 _aBK
905 _aAlejandra Carrasco M.
942 _cLIBRO
949 _a636.085 P4 2003
_bBC
_cLIBRO
_d33724000799334
_eLIBRO
_h105346
_i101720
_kI. 00224324
_si
_t$ 1 401.00
999 _c90190
_d90190